000 00809nam a2200229 i 4500
001 bg
100 1 _aPOGODA, Kazimierz
245 1 0 _aTechnika i technologia telekomunikacji /
_cKazimierz Pogoda ; Uniwersytet Szczeciński. Wydział Transportu i Łączności. Katedra Ekonomiki i Organizacji Telekomunikacji.
260 _aSzczecin :
_bWydaw. Naukowe US,
_c1997.
300 _a231, [1] s. :
_brys. ;
_c24 cm.
504 _aBibliogr. s. 227-231. - Indeks.
521 _aSkrypt dla studentów US kierunek Ekonomika i Organizacja Łączności.
650 9 _aTelekomunikacja
_xtechnika
655 _aPodręczniki akademickie
020 _a8386745835
040 _cBPK
041 0 _apl
080 _a621.39(075.8)
920 _a83-86745-83-5
942 _cKS
008 s pl f |000 0 pol
999 _c31722
_d31722
856 _uhttp://koha.tu.koszalin.pl/cgi-bin/koha/opac-detail.pl?biblionumber=31722
_yKatalog online BPK